Τα χαμένα παιδιά μας : μικρή μελέτη για το χάσμα των γενεών

Saved in:
Bibliographic Details
Main Author: Polony, Natacha
Other Authors: Τουλάτου, Δήμητρα (edtf), Σκούρα, Ξένια (trlf), Ζουμπουλάκης, Σταύρος, 1953- (Author of introduction, etc.)
Format: Book
Language:Greek
French
Published: [Αθήνα] : Πόλις, [c2006]
Subjects:
Tags: Add Tag
No Tags, Be the first to tag this record!

MARC

LEADER 00000cam a2200000 i 4500
001 1/54279
008 070907s2006 gr | ||| |||| ||gre||
020 |a 9789604351237 
035 |l 10090529 
040 |a GR-MyUa   |b gre   |e AACR2  
041 1 |a gre  |h fre 
082 7 |a 305.232   |2 (22)  
100 1 |a Polony, Natacha. 
245 1 3 |a Τα χαμένα παιδιά μας :   |b μικρή μελέτη για το χάσμα των γενεών /  |c Natacha Polony ; μετάφραση: Ξένια Σκούρα ; επιμέλεια: Δήμητρα Τουλάτου ; πρόλογος: Σταύρος Ζουμπουλάκης.  
260 |a [Αθήνα] :   |b Πόλις,   |c [c2006]  
300 |a 249 σ. ;   |c 20 εκ.  
500 |a Τίτλος πρωτοτύπου: Nos enfants gaches.  
504 |a Περιλαμβάνει βιβλιογραφίες.  
650 0 |a Conflict of generations  |z France. 
650 0 |a French  |x Attitudes. 
650 0 |a Sociology. 
651 0 |a France  |x Civilization  |y 1945- 
700 1 |a Τουλάτου, Δήμητρα,  |e edtf 
700 1 |a Σκούρα, Ξένια,  |e trlf 
700 1 |a Ζουμπουλάκης, Σταύρος,   |d 1953-  |e aui 
852 |a INST  |b RHODES  |e 20070907  |h 305.232 POL  |p 005400025856  |q 005400025856  |t BK  |y 0 
901 |a BIBL4-2007-3 
922 |a 4ΕΛΗ  |b 200708  |c ΕΠΕΑΕΚ2/ΠΤΔΕ  |d Σ. ΠΑΤΑΚΗΣ 
970 |a Χαριοπολίτου  |b Κωνσταντίνα   |z 2007/09/07